[Event "Montcalm IV 2000-01"]
[Site "Quebec CAN"]
[Date "2001.01.25"]
[Round "3"]
[White "Sauve, Richard"]
[Black "Auger, Bertrand"]
[Result "1-0"]
[WhiteElo "1893"]
[BlackElo "1995"]
[PlyCount "103"]
[GameId "2160767911618738"]
[EventDate "2001.01.11"]
[EventType "tourn"]
[EventRounds "5"]
[EventCountry "CAN"]

1. e4 e6 2. d4 d5 3. Nc3 Bb4 4. e5 Ne7 5. a3 Bxc3+ 6. bxc3 c5 7. Qg4 Qc7 8. Qxg7 Rg8 9. Qxh7 cxd4 10. Ne2 Nbc6 11. f4 Bd7 12. Qd3 dxc3 13. Rb1 d4 14. Nxd4 Nxd4 15. Qxd4 Nd5 16. g3 a6 17. a4 Bc6 18. Rg1 O-O-O 19. Ba3 Qa5 20. Bd6 Qxa4 21. Qxa4 Bxa4 22. Bg2 b5 23. Kf2 a5 24. Bf1 Nc7 25. Bxc7 Rd2+ 26. Ke3 Kxc7 27. Bxb5 Bxc2 28. Ra1 Kb6 29. Be2 Rgd8 30. Rgc1 a4 31. Ra3 Bd3 32. Bh5 Rxh2 33. Bxf7 Bf5 34. Raxc3 Rdd2 35. Bh5 Rdg2 36. Rc6+ Kb5 37. R1c5+ Kb4 38. Rc4+ Ka3 39. g4 Rh3+ 40. Kd4 Bxg4 41. Bxg4 Rxg4 42. Kc5 Rf3 43. Ra6 Kb3 44. Raxa4 Rc3 45. Rxc3+ Kxa4 46. Rf3 Rg6 47. f5 exf5 48. Rxf5 Ka5 49. Rf6 Rg5 50. Kd6 Kb6 51. e6 Rg1 52. e7 1-0

[Event "Montcalm IV 2000-01"]
[Site "Quebec CAN"]
[Date "2001.02.01"]
[Round "4"]
[White "Auger, Bertrand"]
[Black "Moisan, Francois"]
[Result "1-0"]
[WhiteElo "1995"]
[BlackElo "1813"]
[PlyCount "59"]
[GameId "2160767911618739"]
[EventDate "2001.01.11"]
[EventType "tourn"]
[EventRounds "5"]
[EventCountry "CAN"]

1. c4 Nf6 2. g3 e5 3. Bg2 Be7 4. Nc3 O-O 5. e3 c6 6. Qb3 d6 7. Nge2 Nbd7 8. O-O Nc5 9. Qc2 g6 10. d4 exd4 11. Nxd4 Re8 12. b4 Ne6 13. Rd1 Nxd4 14. Rxd4 Be6 15. Bb2 Qb6 16. Ne4 Nxe4 17. Rxe4 Bf5 18. Qc3 f6 19. Rxe7 Rxe7 20. Qxf6 Qd8 21. e4 Be6 22. Qh8+ Kf7 23. Qxh7+ Ke8 24. Qxg6+ Bf7 25. Qh6 Re6 26. Qh8+ Ke7 27. Qh4+ Ke8 28. Qh7 Qe7 29. Re1 Bg6 30. Qg8+ 1-0

[Event "Montcalm IV 2000-01"]
[Site "Quebec CAN"]
[Date "2001.02.01"]
[Round "4"]
[White "Heilmann, Uwe"]
[Black "Genest, Dominic"]
[Result "1-0"]
[WhiteElo "1295"]
[BlackElo "1315"]
[PlyCount "71"]
[GameId "2160767911618740"]
[EventDate "2001.01.11"]
[EventType "tourn"]
[EventRounds "5"]
[EventCountry "CAN"]

1. d4 d5 2. Nf3 Nf6 3. b3 Bg4 4. Nbd2 e6 5. Ne5 Bh5 6. h3 Nbd7 7. g4 Bg6 8. Nxg6 hxg6 9. Bg2 Bd6 10. e3 Qe7 11. Qe2 e5 12. Bf3 e4 13. Bg2 O-O-O 14. Bb2 c6 15. O-O-O Ne8 16. Kb1 Nc7 17. c4 b6 18. Rc1 f5 19. Rc2 Kb7 20. f3 a5 21. a4 Nb8 22. Rhc1 Nba6 23. Bf1 Nb4 24. c5 bxc5 25. dxc5 Be5 26. Bxe5 Qxe5 27. Rc3 Nd3 28. R1c2 Na6 29. f4 Qe7 30. Qd1 Naxc5 31. Bxd3 Nxd3 32. Rxc6 Rxh3 33. Qf1 Nb4 34. Rc7+ Qxc7 35. Rxc7+ Kxc7 36. Qxh3 1-0

[Event "Montcalm V 2000-01"]
[Site "Quebec CAN"]
[Date "2001.02.15"]
[Round "1"]
[White "Auger, Bertrand"]
[Black "Audet-Bouchard, Nicolas"]
[Result "1/2-1/2"]
[WhiteElo "2020"]
[BlackElo "2042"]
[PlyCount "68"]
[GameId "2160767911610449"]
[EventDate "2001.02.15"]
[EventType "tourn"]
[EventRounds "5"]
[EventCountry "CAN"]

1. Nf3 Nf6 2. g3 d5 3. c4 c6 4. Bg2 e6 5. O-O Bd6 6. d4 O-O 7. b3 Nbd7 8. Bb2 Re8 9. Nbd2 e5 10. dxe5 Nxe5 11. cxd5 Nxd5 12. Nd4 Nf6 13. Qc2 Qe7 14. a3 Be6 15. Nf5 Bxf5 16. Qxf5 Rad8 17. Rfd1 Qe6 18. Qxe6 Rxe6 19. Bh3 Ree8 20. Rac1 Bc7 21. Nc4 Rxd1+ 22. Rxd1 Nxc4 23. Bxf6 gxf6 24. bxc4 Rxe2 25. c5 Re7 26. Rd7 Kf8 27. f4 Rxd7 28. Bxd7 Ke7 29. Bf5 h6 30. Kf2 b6 31. Ke3 bxc5 32. Kd3 Kd6 33. Kc4 Ba5 34. Be4 Be1 1/2-1/2

[Event "Montcalm V 2000-01"]
[Site "Quebec CAN"]
[Date "2001.02.15"]
[Round "1"]
[White "Levesque, Denis"]
[Black "Caire, Francois"]
[Result "0-1"]
[WhiteElo "1891"]
[BlackElo "1839"]
[PlyCount "98"]
[GameId "2160767911610450"]
[EventDate "2001.02.15"]
[EventType "tourn"]
[EventRounds "5"]
[EventCountry "CAN"]

1. e4 c5 2. Nf3 Nc6 3. d4 cxd4 4. Nxd4 Nf6 5. Nc3 e5 6. Ndb5 d6 7. a4 a6 8. Na3 Be6 9. Bc4 Rc8 10. O-O Be7 11. Be3 Nb4 12. Bd5 Nbxd5 13. exd5 Bf5 14. f3 O-O 15. Qe2 Qc7 16. Qf2 Nd7 17. g4 Bg6 18. h4 f5 19. h5 Be8 20. Qg2 Nb6 21. Rad1 Bxa4 22. Qf2 Bd8 23. Bxb6 Qxb6 24. Nxa4 Qxf2+ 25. Kxf2 b5 26. Nc3 b4 27. Ncb1 bxa3 28. Nxa3 fxg4 29. Kg3 Rxf3+ 30. Rxf3 gxf3 31. Kxf3 Ba5 32. b3 Rc3+ 33. Rd3 Rxd3+ 34. cxd3 Kf7 35. Kg4 Kf6 36. Nc4 Bb4 37. Nb6 Bc5 38. Nc4 g6 39. hxg6 Kxg6 40. Nd2 h5+ 41. Kf3 Kf5 42. Ne4 h4 43. Nd2 Bb4 44. Nf1 Bc5 45. Nd2 Bb4 46. Nf1 Be1 47. Ke2 Bg3 48. Kf3 Bf4 49. b4 h3 0-1

[Event "Montcalm V 2000-01"]
[Site "Quebec CAN"]
[Date "2001.02.15"]
[Round "1"]
[White "Sauve, Richard"]
[Black "Dion, Jean-Francois"]
[Result "0-1"]
[WhiteElo "1913"]
[BlackElo "1799"]
[PlyCount "66"]
[GameId "2160767911610451"]
[EventDate "2001.02.15"]
[EventType "tourn"]
[EventRounds "5"]
[EventCountry "CAN"]
[SourceTitle "EXT 2009"]
[Source "ChessBase"]
[SourceDate "2008.11.26"]
[SourceVersion "1"]
[SourceVersionDate "2008.11.26"]
[SourceQuality "1"]

1. d4 Nf6 2. c4 g6 3. Nc3 Bg7 4. e4 d6 5. f3 O-O 6. Be3 e5 7. d5 Nh5 8. Qd2 f5 9. O-O-O a5 10. Bd3 f4 11. Bf2 Nd7 12. Nge2 b6 13. Rdf1 Nc5 14. b3 Bf6 15. Bc2 Bh4 16. g3 fxg3 17. hxg3 Bg5 18. f4 exf4 19. Rxh5 gxh5 20. gxf4 Bh6 21. Rg1+ Bg4 22. Kb1 Qf6 23. Be3 Kf7 24. Nd4 Bg7 25. Ncb5 Rae8 26. e5 dxe5 27. fxe5 Qxe5 28. Bf4 Ne4 29. Qc1 Qf6 30. Be3 Kg8 31. Kb2 Nd6 32. Nxc7 Rxe3 33. Qxe3 Qxd4+ 0-1

[Event "Montcalm V 2000-01"]
[Site "Quebec CAN"]
[Date "2001.02.22"]
[Round "2"]
[White "Papineau (Granby), Daniel"]
[Black "Auger, Bertrand"]
[Result "1-0"]
[WhiteElo "1897"]
[BlackElo "2020"]
[PlyCount "61"]
[GameId "2160767911610452"]
[EventDate "2001.02.15"]
[EventType "tourn"]
[EventRounds "5"]
[EventCountry "CAN"]

1. e4 e6 2. d4 d5 3. e5 c5 4. c3 Nc6 5. Nf3 cxd4 6. cxd4 Nge7 7. a3 Nf5 8. b4 Qb6 9. Bb2 h5 10. Be2 Be7 11. h4 Bd7 12. Qd3 a6 13. Nbd2 Na7 14. Nb3 Bb5 15. Qd2 Bxe2 16. Qxe2 Qb5 17. Nc5 b6 18. Nxa6 Qxe2+ 19. Kxe2 Nb5 20. a4 Rxa6 21. axb5 Rxa1 22. Rxa1 O-O 23. g3 f6 24. Bc3 Kh7 25. Ra7 Kg6 26. Rb7 Rc8 27. Kd3 Bd8 28. Ng1 fxe5 29. dxe5 d4 30. Bxd4 Rc1 31. Ne2 1-0

[Event "Montcalm V 2000-01"]
[Site "Quebec CAN"]
[Date "2001.03.01"]
[Round "3"]
[White "Auger, Bertrand"]
[Black "Boudreau, Daniel"]
[Result "0-1"]
[WhiteElo "2020"]
[BlackElo "2090"]
[PlyCount "113"]
[GameId "2160767911610453"]
[EventDate "2001.02.15"]
[EventType "tourn"]
[EventRounds "5"]
[EventCountry "CAN"]

1. c4 b6 2. e4 Bb7 3. Nc3 e6 4. g3 Bb4 5. Nge2 f5 6. Bg2 Nf6 7. Qc2 Bxc3 8. Nxc3 c5 9. O-O Nc6 10. d3 Nd4 11. Qd1 O-O 12. b3 Bc6 13. Bb2 Qc7 14. Ne2 e5 15. Nxd4 exd4 16. f3 f4 17. gxf4 g6 18. Qd2 Rf7 19. Kh1 Raf8 20. Bh3 Nh5 21. f5 Nf4 22. fxg6 hxg6 23. Bg4 Rh7 24. Rf2 Kg7 25. Rg1 Rfh8 26. Bc1 Nxd3 27. Rgg2 Nxf2+ 28. Qxf2 Kf7 29. b4 Qd6 30. b5 Bb7 31. Bg5 a6 32. a4 axb5 33. axb5 Ra8 34. Rg1 Ra4 35. Re1 d3 36. Rc1 Qe5 37. Be3 Kg8 38. Kg1 Rb4 39. Qg3 Qxg3+ 40. hxg3 Rb2 41. Bf2 d6 42. Rd1 Rb3 43. Be6+ Kf8 44. Kg2 Ke7 45. Bh3 Rb2 46. Bg4 Rb3 47. Bh3 Rh8 48. g4 Ra8 49. Rd2 Ra4 50. Kg3 Ra1 51. g5 Rc1 52. Ra2 Kd8 53. Ra7 Kc7 54. Be3 Kb8 55. Rxb7+ Kxb7 56. Bxc1 Rc3 57. Bd2 0-1

[Event "Montcalm V 2000-01"]
[Site "Quebec CAN"]
[Date "2001.03.01"]
[Round "3"]
[White "Martineau, Michel"]
[Black "Caire, Francois"]
[Result "1/2-1/2"]
[WhiteElo "1873"]
[BlackElo "1839"]
[PlyCount "61"]
[GameId "2160767911610454"]
[EventDate "2001.02.15"]
[EventType "tourn"]
[EventRounds "5"]
[EventCountry "CAN"]

1. f4 c5 2. b3 d5 3. e3 Nf6 4. Bb2 Nc6 5. Bb5 Bd7 6. Nf3 e6 7. O-O Bd6 8. d3 O-O 9. Nbd2 Rc8 10. a4 a6 11. Bxc6 Bxc6 12. Ne5 Qe7 13. Ndf3 Nd7 14. Nxd7 Bxd7 15. Ne5 f6 16. Nxd7 Qxd7 17. Qh5 c4 18. dxc4 dxc4 19. Rfd1 Qe7 20. Qe2 c3 21. Bc1 Rfd8 22. e4 Qc7 23. g3 Bc5+ 24. Be3 Qb6 25. Bxc5 Qxc5+ 26. Kf1 e5 27. Rd3 Rd4 28. Rxd4 exd4 29. Qd3 Rd8 30. Rd1 Qc6 31. Kf2 1/2-1/2

[Event "Montcalm V 2000-01"]
[Site "Quebec CAN"]
[Date "2001.03.08"]
[Round "4"]
[White "Caire, Francois"]
[Black "Moisan, Francois"]
[Result "1-0"]
[WhiteElo "1839"]
[BlackElo "1855"]
[PlyCount "37"]
[GameId "2160767911610455"]
[EventDate "2001.02.15"]
[EventType "tourn"]
[EventRounds "5"]
[EventCountry "CAN"]

1. f4 e5 2. fxe5 d6 3. exd6 Bxd6 4. Nf3 g5 5. g3 g4 6. Nh4 Ne7 7. e4 Ng6 8. Nf5 Bxf5 9. exf5 Qe7+ 10. Qe2 Ne5 11. Bg2 Nbc6 12. c3 O-O-O 13. d4 Nxd4 14. cxd4 Bb4+ 15. Nc3 Rxd4 16. O-O Rd3 17. Bf4 Bc5+ 18. Kh1 h5 19. Qxe5 1-0

[Event "Montcalm V 2000-01"]
[Site "Quebec CAN"]
[Date "2001.03.08"]
[Round "4"]
[White "Levesque, Denis"]
[Black "Dion, Jean-Francois"]
[Result "1-0"]
[WhiteElo "1891"]
[BlackElo "1799"]
[PlyCount "61"]
[GameId "2160767911610456"]
[EventDate "2001.02.15"]
[EventType "tourn"]
[EventRounds "5"]
[EventCountry "CAN"]
[SourceTitle "EXT 2009"]
[Source "ChessBase"]
[SourceDate "2008.11.26"]
[SourceVersion "1"]
[SourceVersionDate "2008.11.26"]
[SourceQuality "1"]

1. e4 d6 2. d4 Nf6 3. Nc3 g6 4. f4 Bg7 5. Nf3 O-O 6. Bd3 Bg4 7. h3 Bxf3 8. Qxf3 e5 9. fxe5 dxe5 10. Bg5 h6 11. Bxf6 Bxf6 12. d5 c6 13. O-O-O cxd5 14. Nxd5 Bg7 15. Bc4 Nc6 16. c3 Rc8 17. Kb1 Nd4 18. Qd3 Ne6 19. Rhf1 Qg5 20. g3 Nc5 21. Qf3 Ne6 22. h4 Qd8 23. Bb3 h5 24. g4 Qxh4 25. gxh5 Ng5 26. Qh1 Qxh1 27. Ne7+ Kh8 28. Rxh1 Bf6 29. hxg6+ Kg7 30. Nf5+ Kxg6 31. Rh6# 1-0

[Event "Montcalm V 2000-01"]
[Site "Quebec CAN"]
[Date "2001.03.15"]
[Round "5"]
[White "Dion, Jean-Francois"]
[Black "Martineau, Michel"]
[Result "0-1"]
[WhiteElo "1799"]
[BlackElo "1828"]
[PlyCount "47"]
[GameId "2160767911610457"]
[EventDate "2001.02.15"]
[EventType "tourn"]
[EventRounds "5"]
[EventCountry "CAN"]
[SourceTitle "EXT 2009"]
[Source "ChessBase"]
[SourceDate "2008.11.26"]
[SourceVersion "1"]
[SourceVersionDate "2008.11.26"]
[SourceQuality "1"]

1. d4 g6 2. c4 Bg7 3. Nc3 c5 4. Nf3 cxd4 5. Nxd4 Nc6 6. Nxc6 bxc6 7. Qc2 Nf6 8. e4 O-O 9. Be2 d5 10. cxd5 cxd5 11. Nxd5 Nxd5 12. Qc6 Nb4 13. Qxa8 Nc2+ 14. Kf1 Qa5 15. Bd2 Qxd2 16. Rb1 Ba6 17. Qxf8+ Kxf8 18. Bxa6 Bd4 19. Be2 Qf4 20. Bf3 Ne3+ 21. Ke2 Nc4 22. Kd3 Nxb2+ 23. Kxd4 Qd2+ 24. Kc5 0-1

[Event "Montcalm V 2000-01"]
[Site "Quebec CAN"]
[Date "2001.03.15"]
[Round "5"]
[White "Marquis, Paul"]
[Black "Auger, Bertrand"]
[Result "1/2-1/2"]
[WhiteElo "1913"]
[BlackElo "2020"]
[PlyCount "77"]
[GameId "2160767911610458"]
[EventDate "2001.02.15"]
[EventType "tourn"]
[EventRounds "5"]
[EventCountry "CAN"]

1. e4 e6 2. d4 d5 3. e5 c5 4. c3 Nc6 5. Nf3 Nge7 6. Bd3 cxd4 7. cxd4 Nf5 8. Bc2 Be7 9. O-O g5 10. Bxf5 exf5 11. Nc3 Be6 12. Qb3 Rb8 13. Ne2 f4 14. Ne1 f6 15. exf6 Bd6 16. g3 Qxf6 17. Nf3 O-O 18. gxf4 gxf4 19. Kh1 Kh8 20. Rg1 Rg8 21. Bd2 Qf5 22. Rac1 Qe4 23. Rxg8+ Rxg8 24. Re1 Bh3 25. Ng3 Nxd4 26. Rxe4 Nxb3 27. Bxf4 dxe4 28. Bxd6 Re8 29. Ng5 Bg4 30. axb3 e3 31. fxe3 Rxe3 32. b4 Be6 33. Nxe6 Rxe6 34. Bc5 a6 35. Kg2 Kg8 36. Bd4 Kf7 37. h4 Kg6 38. Kf3 Rc6 39. Bc3 1/2-1/2

[Event "Montcalm V 2000-01"]
[Site "Quebec CAN"]
[Date "2001.03.15"]
[Round "5"]
[White "Sauve, Richard"]
[Black "Caire, Francois"]
[Result "0-1"]
[WhiteElo "1931"]
[BlackElo "1839"]
[PlyCount "60"]
[GameId "2160767911610459"]
[EventDate "2001.02.15"]
[EventType "tourn"]
[EventRounds "5"]
[EventCountry "CAN"]

1. d4 Nf6 2. c4 e6 3. Nc3 Bb4 4. e3 b6 5. Bd3 Bb7 6. Nge2 Bxg2 7. Rg1 Be4 8. Bxe4 Nxe4 9. Rxg7 Nxf2 10. Kxf2 Qf6+ 11. Nf4 Qxg7 12. Qf3 c6 13. Nh5 Qg6 14. e4 Be7 15. Bf4 Rg8 16. h3 Bh4+ 17. Ke3 Qg2 18. Qxg2 Rxg2 19. Kf3 Rg6 20. e5 f5 21. exf6 Bxf6 22. Nxf6+ Rxf6 23. Ne4 Rg6 24. h4 d5 25. cxd5 cxd5 26. Nd6+ Kd7 27. h5 Rf6 28. Nb5 Nc6 29. Rg1 Raf8 30. Rg7+ Kd8 0-1

[Event "Montcalm VI 2000-01"]
[Site "Quebec CAN"]
[Date "2001.03.29"]
[Round "1"]
[White "Auger, Bertrand"]
[Black "Caire, Francois"]
[Result "1/2-1/2"]
[WhiteElo "1964"]
[BlackElo "1925"]
[PlyCount "65"]
[GameId "2160767911565103"]
[EventDate "2001.03.29"]
[EventType "tourn"]
[EventRounds "5"]
[EventCountry "CAN"]

1. Nf3 d5 2. g3 c5 3. b3 f6 4. Bg2 e5 5. O-O Nc6 6. d3 Be6 7. Nbd2 Qd7 8. Re1 g5 9. c4 d4 10. Nf1 O-O-O 11. a3 Nge7 12. b4 Ng6 13. bxc5 h5 14. N3d2 h4 15. Qa4 hxg3 16. fxg3 Bxc5 17. Ne4 Be7 18. Rb1 Bh3 19. Bh1 Rh5 20. Rb5 Rdh8 21. Nc5 Bxc5 22. Rxc5 Bxf1 23. Bxc6 bxc6 24. Rxc6+ Kd8 25. Rxf1 Rxh2 26. Qa5+ Ke8 27. Rcxf6 Rxe2 28. Qb5 Qxb5 29. cxb5 Rhh2 30. R1f5 Reg2+ 31. Kf1 Rc2 32. Kg1 Rcg2+ 33. Kf1 1/2-1/2

[Event "Montcalm VI 2000-01"]
[Site "Quebec CAN"]
[Date "2001.04.05"]
[Round "2"]
[White "Auger, Bertrand"]
[Black "Boudreau, Daniel"]
[Result "1-0"]
[WhiteElo "1964"]
[BlackElo "2112"]
[PlyCount "65"]
[GameId "2160767911565104"]
[EventDate "2001.03.29"]
[EventType "tourn"]
[EventRounds "5"]
[EventCountry "CAN"]

1. g3 d5 2. Nf3 Nf6 3. b3 c5 4. Bg2 Nc6 5. Bb2 e6 6. O-O Be7 7. d3 O-O 8. Nbd2 d4 9. Nc4 Qc7 10. e3 e5 11. exd4 exd4 12. Re1 Bg4 13. Qd2 Rad8 14. Nfe5 Nxe5 15. Nxe5 Be6 16. Re2 h5 17. Rae1 Rfe8 18. Ng6 Bd6 19. Nh4 Re7 20. Ng6 Red7 21. Rxe6 fxe6 22. Qg5 Re8 23. Bh3 Kf7 24. Bc1 Qc6 25. Nh4 Rde7 26. Qg6+ Kg8 27. Bg5 Nh7 28. Bxe7 Rxe7 29. Bxe6+ Kh8 30. Nf5 Rc7 31. Bf7 Bf8 32. Re8 Qxg6 33. Bxg6 1-0

[Event "Montcalm VI 2000-01"]
[Site "Quebec CAN"]
[Date "2001.04.05"]
[Round "2"]
[White "Caire, Francois"]
[Black "Sauve, Richard"]
[Result "1-0"]
[WhiteElo "1925"]
[BlackElo "1882"]
[PlyCount "99"]
[GameId "2160767911565105"]
[EventDate "2001.03.29"]
[EventType "tourn"]
[EventRounds "5"]
[EventCountry "CAN"]

1. d4 d5 2. Nf3 e6 3. c4 c6 4. e3 Nf6 5. Bd3 Be7 6. Nc3 O-O 7. O-O Nbd7 8. e4 dxe4 9. Nxe4 Nxe4 10. Bxe4 Nf6 11. Bc2 Qb6 12. Qe2 Rd8 13. Be3 Bd7 14. Rad1 c5 15. Rd2 Bc6 16. Rfd1 cxd4 17. Nxd4 Qa5 18. Nxc6 bxc6 19. Rxd8+ Rxd8 20. Rxd8+ Bxd8 21. Qd2 Qxd2 22. Bxd2 Kf8 23. Be3 Bb6 24. c5 Bc7 25. Ba4 Ng4 26. Bd2 Bxh2+ 27. Kf1 Be5 28. b4 Bd4 29. f3 Ne3+ 30. Bxe3 Bxe3 31. Ke2 Bd4 32. Kd3 e5 33. Bxc6 g5 34. Kc4 h5 35. Be4 Ke7 36. Kd5 Kd7 37. Bf5+ Kc7 38. Bh7 Bc3 39. b5 g4 40. fxg4 hxg4 41. a4 g3 42. c6 Bd4 43. a5 f6 44. Be4 Be3 45. Ke6 Bf2 46. Bf3 Be3 47. Kxf6 Bd2 48. b6+ axb6 49. a6 Kb8 50. c7+ 1-0

[Event "Montcalm VI 2000-01"]
[Site "Quebec CAN"]
[Date "2001.04.12"]
[Round "3"]
[White "Audet-Bouchard, Nicolas"]
[Black "Auger, Bertrand"]
[Result "0-1"]
[WhiteElo "2130"]
[BlackElo "1964"]
[PlyCount "136"]
[GameId "2160767911565106"]
[EventDate "2001.03.29"]
[EventType "tourn"]
[EventRounds "5"]
[EventCountry "CAN"]

1. e4 e6 2. d4 d5 3. Nc3 dxe4 4. Nxe4 Bd7 5. Nf3 Bc6 6. Bd3 Nd7 7. O-O Ngf6 8. Neg5 Bd6 9. Re1 h6 10. Nh3 Bxf3 11. Qxf3 c6 12. Be3 Qc7 13. Bf4 O-O 14. Bxd6 Qxd6 15. Rad1 Rfe8 16. c4 Rad8 17. Bc2 Qc7 18. Qf4 Qxf4 19. Nxf4 Nb6 20. b3 Rd7 21. Rd3 Red8 22. Red1 Nc8 23. Kf1 Ne7 24. Ne2 g6 25. b4 a6 26. a4 b5 27. axb5 axb5 28. cxb5 cxb5 29. Nc3 Nfd5 30. Nxd5 Nxd5 31. Rb3 Nb6 32. Ke2 Nc4 33. Be4 Rd6 34. Rbb1 Rxd4 35. Rxd4 Rxd4 36. Bc6 Nd6 37. Rd1 Rxd1 38. Kxd1 e5 39. Kd2 Kf8 40. Kd3 g5 41. g3 g4 42. f3 gxf3 43. Bxf3 f5 44. Bc6 Ke7 45. Ke3 Kf6 46. Kf3 Kg5 47. Bd7 Kf6 48. Bc6 Ke7 49. Ke3 Kd8 50. Kd3 Kc7 51. Bd5 Ne8 52. Be6 Ng7 53. Bd5 Kd6 54. Bg2 Ne6 55. Bh3 e4+ 56. Ke3 Ke5 57. Bf1 Nd4 58. h3 Nc2+ 59. Kd2 Nxb4 60. Bxb5 Nd5 61. Bf1 Nf6 62. Ke3 Nd5+ 63. Kd2 Kd4 64. g4 f4 65. h4 f3 66. g5 e3+ 67. Ke1 hxg5 68. hxg5 Nf4 0-1

[Event "Montcalm VI 2000-01"]
[Site "Quebec CAN"]
[Date "2001.04.12"]
[Round "3"]
[White "Boudreau, Daniel"]
[Black "Caire, Francois"]
[Result "0-1"]
[WhiteElo "2112"]
[BlackElo "1925"]
[PlyCount "60"]
[GameId "2160767911565107"]
[EventDate "2001.03.29"]
[EventType "tourn"]
[EventRounds "5"]
[EventCountry "CAN"]

1. e4 c5 2. Nf3 Nc6 3. Bb5 g6 4. Nc3 Bg7 5. O-O Nd4 6. Ba4 Nf6 7. e5 Ng8 8. Re1 Qc7 9. Nxd4 cxd4 10. Nb5 Qa5 11. c3 dxc3 12. dxc3 a6 13. b4 Qd8 14. Nd4 b5 15. Qf3 Rb8 16. Bb3 e6 17. a4 bxa4 18. Rxa4 Qc7 19. Ra5 Ne7 20. Rc5 Qb6 21. Be3 Bb7 22. Qh3 O-O 23. Bh6 Rbc8 24. Bxg7 Kxg7 25. Rxc8 Rxc8 26. Qh4 Rxc3 27. Qf6+ Kf8 28. Rd1 Bd5 29. Ba4 Qxb4 30. Bxd7 Qxd4 0-1

[Event "Montcalm VI 2000-01"]
[Site "Quebec CAN"]
[Date "2001.04.19"]
[Round "4"]
[White "Auger, Bertrand"]
[Black "Sauve, Richard"]
[Result "1/2-1/2"]
[WhiteElo "1964"]
[BlackElo "1882"]
[PlyCount "41"]
[GameId "2160767911565108"]
[EventDate "2001.03.29"]
[EventType "tourn"]
[EventRounds "5"]
[EventCountry "CAN"]

1. b3 b6 2. Bb2 Bb7 3. Nf3 e6 4. g3 Bxf3 5. exf3 c5 6. Bg2 Nc6 7. f4 Rc8 8. O-O Nf6 9. Re1 Be7 10. d3 O-O 11. Nd2 d5 12. Nf3 d4 13. Ne5 Nb4 14. Re2 Nbd5 15. Qe1 Qd6 16. a4 Rfe8 17. Bh3 Bf8 18. Qd2 Rc7 19. Rae1 Rce7 20. Bg2 g6 21. Bf3 1/2-1/2

[Event "Montcalm VI 2000-01"]
[Site "Quebec CAN"]
[Date "2001.04.19"]
[Round "4"]
[White "Caire, Francois"]
[Black "Angers, Gilles"]
[Result "0-1"]
[WhiteElo "1925"]
[BlackElo "1904"]
[PlyCount "64"]
[GameId "2160767911565109"]
[EventDate "2001.03.29"]
[EventType "tourn"]
[EventRounds "5"]
[EventCountry "CAN"]

1. Nf3 Nf6 2. d4 c5 3. d5 e6 4. Nc3 exd5 5. Nxd5 Nxd5 6. Qxd5 Be7 7. Bf4 O-O 8. e4 d6 9. O-O-O Qa5 10. a3 Nc6 11. Bxd6 Bxd6 12. Qxd6 Rd8 13. Qf4 Rxd1+ 14. Kxd1 Be6 15. Be2 b5 16. Kc1 b4 17. Qe3 c4 18. Qg5 Qa4 19. Qc5 c3 20. Bb5 cxb2+ 21. Kd2 Rd8+ 22. Ke2 Qxa3 23. Bxc6 Qa1 24. Qxb4 Qxh1 25. Qxb2 Qd1+ 26. Ke3 Qd6 27. Ba4 Qc5+ 28. Kf4 Qxf2 29. Qe5 Qb6 30. Ng5 Qd6 31. Nxe6 fxe6 32. Bb3 g5+ 0-1

[Event "Montcalm VII 2000-01"]
[Site "Quebec CAN"]
[Date "2001.05.03"]
[Round "1"]
[White "Audet-Bouchard, Nicolas"]
[Black "Bourassa, Andre"]
[Result "1-0"]
[WhiteElo "2079"]
[BlackElo "1659"]
[PlyCount "49"]
[GameId "2160767911564848"]
[EventDate "2001.05.03"]
[EventType "swiss"]
[EventRounds "5"]
[EventCountry "CAN"]

1. e4 c5 2. Nf3 d6 3. d4 cxd4 4. Nxd4 Nf6 5. Nc3 a6 6. Be2 e5 7. Nb3 Be6 8. Bg5 Be7 9. Bxf6 Bxf6 10. Nd5 Be7 11. O-O O-O 12. f4 f6 13. f5 Bf7 14. Qd2 Nc6 15. Rad1 Bxd5 16. Qxd5+ Kh8 17. c3 Qc7 18. Kh1 Rac8 19. Bh5 Nb8 20. Rf3 Nd7 21. Bg6 h6 22. Rh3 Nc5 23. Qd2 Nxe4 24. Rxh6+ Kg8 25. Qd5+ 1-0

[Event "Montcalm VII 2000-01"]
[Site "Quebec CAN"]
[Date "2001.05.03"]
[Round "1"]
[White "Dion, Jean-Francois"]
[Black "Gratton, Charles"]
[Result "1-0"]
[WhiteElo "1804"]
[BlackElo "1249"]
[PlyCount "51"]
[GameId "2160767911564849"]
[EventDate "2001.05.03"]
[EventType "swiss"]
[EventRounds "5"]
[EventCountry "CAN"]
[SourceTitle "EXT 2009"]
[Source "ChessBase"]
[SourceDate "2008.11.26"]
[SourceVersion "1"]
[SourceVersionDate "2008.11.26"]
[SourceQuality "1"]

1. d4 Nf6 2. Nf3 d6 3. Bf4 Bf5 4. e3 a6 5. Nbd2 d5 6. c4 Ne4 7. Qb3 Nxd2 8. Nxd2 Bc8 9. cxd5 c6 10. dxc6 Nxc6 11. Be2 e6 12. O-O Bd6 13. Bxd6 Qxd6 14. Ne4 Qc7 15. Qa3 Ne7 16. Rac1 Qd8 17. Nd6+ Kf8 18. Rc2 g6 19. Rfc1 Kg7 20. Rc7 Nc6 21. Rxf7+ Kh6 22. Rxb7 Bxb7 23. Nf7+ Kg7 24. Nxd8 Rhxd8 25. Qb3 Rd6 26. Qxb7+ 1-0

[Event "Montcalm VII 2000-01"]
[Site "Quebec CAN"]
[Date "2001.05.03"]
[Round "1"]
[White "Grant, James"]
[Black "Auger, Bertrand"]
[Result "0-1"]
[WhiteElo "1445"]
[BlackElo "2046"]
[PlyCount "72"]
[GameId "2160767911564850"]
[EventDate "2001.05.03"]
[EventType "swiss"]
[EventRounds "5"]
[EventCountry "CAN"]

1. d4 e6 2. c4 Nf6 3. Nc3 Bb4 4. Qc2 d5 5. a3 Bxc3+ 6. bxc3 O-O 7. e3 b6 8. Nf3 Bb7 9. cxd5 Qxd5 10. Bd3 c5 11. c4 Qc6 12. Bb2 Nbd7 13. O-O-O Rfc8 14. d5 exd5 15. cxd5 Qd6 16. Bc4 Re8 17. h4 Rac8 18. h5 h6 19. Nh4 Qf8 20. d6 Be4 21. Qb3 Ne5 22. Bxe5 Rxe5 23. Ng6 Bxg6 24. hxg6 Kh8 25. Bxf7 Rd8 26. Qc3 Rf5 27. f3 Rxd6 28. e4 Rh5 29. Rxh5 Nxh5 30. Rh1 Nf6 31. e5 Nd5 32. Qb3 c4 33. Qb5 Rd8 34. Bxd5 Qxa3+ 35. Qb2 Qe3+ 36. Kb1 Rxd5 0-1

[Event "Montcalm VII 2000-01"]
[Site "Quebec CAN"]
[Date "2001.05.10"]
[Round "2"]
[White "Auger, Bertrand"]
[Black "Dion, Jean-Francois"]
[Result "1-0"]
[WhiteElo "2046"]
[BlackElo "1804"]
[PlyCount "79"]
[GameId "2160767911564851"]
[EventDate "2001.05.03"]
[EventType "swiss"]
[EventRounds "5"]
[EventCountry "CAN"]
[SourceTitle "EXT 2009"]
[Source "ChessBase"]
[SourceDate "2008.11.26"]
[SourceVersion "1"]
[SourceVersionDate "2008.11.26"]
[SourceQuality "1"]

1. Nf3 Nf6 2. g3 g6 3. b4 Bg7 4. Bb2 O-O 5. Bg2 d6 6. d3 e5 7. c4 Nc6 8. b5 Ne7 9. Nbd2 Nh5 10. Qc2 f5 11. O-O Rb8 12. c5 Be6 13. Ng5 Qc8 14. cxd6 cxd6 15. Qa4 Bh6 16. Ndf3 Qd7 17. Rac1 f4 18. Rc7 Qxc7 19. Nxe6 Qb6 20. Qb3 fxg3 21. Nxf8+ Kxf8 22. d4 gxh2+ 23. Nxh2 exd4 24. Ng4 Bg7 25. Be4 Nf6 26. Qf3 d5 27. Bd3 Kg8 28. Ba3 Nxg4 29. Qxg4 Re8 30. Qd7 Kf7 31. Rc1 Bf6 32. Rc7 Qa5 33. Qxd5+ Kg7 34. Qd6 Qe1+ 35. Kg2 Qd2 36. Qd5 Qf4 37. Rxb7 Kh8 38. Qd7 Rf8 39. Bd6 Be5 40. Bxe5+ 1-0